000 00473nam a2200181 a 4500
005 20140414132123.0
008 131210s19uu xx 00 eng d
020 _a9785060546625
050 _aER
_bWha551 2008
100 _aSchaefer,Lola M.
245 _aWhat's that mittens?.
260 _aNew York :
_bHarperCollins Childre's Books,
_cc2008.
300 _a27
440 _aI can read!
650 _aCats-
_xfiction
650 _aAnimals-
_xinfancy
999 _c115126
_d115126